000 00863nam a2200265 4500
003 DO-SdBNP
005 20220104093154.0
008 210616b 2018 00| 0 eng d
020 4 _a9789945608038
040 4 _aDO-SdBNP
_bspa
_cBNPHU
082 4 _aPR863.44
_bR788L 2018
_222
100 1 _922869
_aRosa Vélez, Ángel Luis,
_d1950-
245 1 3 _aEl lenguaje del olvido /
_cÄngel Luis Rosa Vélez.
250 _a2da. ed
260 _a San Juan, Puerto Rico :
_bIsla Negra,
_c2018.
300 _a169 p. :
_c21 cm.
490 _aLa montaña de papel
500 _aIncluye datos biográficos del autor en la solapa de la cubierta.
590 _aInventariado, 2021 / LP
650 4 _aNovela puertorriqueña
_91185
650 4 _aLiteratura puertorriqueña
_979483
830 0 _nLa montaña de papel
_978867
910 _aLopérez.Validado, 2021/MFF
942 _2ddc
_cLBS1
999 _c50650
_d50650